Growth and plasticity of neural connections /

Bibliographic Details
Other Authors: Winlow, W. (William), McCrohan, C.
Format: Book
Language:English
Published: Manchester, UK ; Wolfeboro, NH, USA : Manchester University Press, [1987]
Series:Studies in neuroscience ; no. 4.
Subjects:

MARC

Tag First Indicator Second Indicator Subfields
LEADER 00000cam a22000008a 4500
001 in00000009949
005 20151007051607.0
008 870414s1987 enka b 00100 eng d
010 |a  87011327  
020 |a 0719022460 :  |c $55.00 
035 |a (OCoLC)15630707 
035 |9 AAA3785AM 
040 |a DNLM/DLC  |c DLC  |d TXA  |d UtOrBLW 
049 |a TXAM  |c [A11028571] 
050 0 0 |a QP363.5  |b .G76 1987 
060 0 |a WL 101 G884 
082 0 |a 599/.0188  |2 19 
245 0 0 |a Growth and plasticity of neural connections /  |c edited by W. Winlow and C. McCrohan. 
263 |a 8712 
264 1 |a Manchester, UK ;  |a Wolfeboro, NH, USA :  |b Manchester University Press,  |c [1987] 
264 4 |c ©1987 
300 |a vi, 212 pages :  |b illustrations 
336 |a text  |b txt  |2 rdacontent 
337 |a unmediated  |b n  |2 rdamedia 
338 |a volume  |b nc  |2 rdacarrier 
490 1 |a Studies in neuroscience ;  |v no. 4 
504 |a Includes bibliographies and index. 
650 0 |a Developmental neurobiology. 
650 0 |a Neuroplasticity. 
650 0 |a Nerves  |x Growth. 
700 1 |a Winlow, W.  |q (William) 
700 1 |a McCrohan, C. 
830 0 |a Studies in neuroscience ;  |v no. 4. 
999 |a MARS 
999 f f |s 26332a8a-fef3-3954-9470-36411febcd10  |i 5ec30678-8c8a-3646-8e33-274ca4e1c979  |t 0 
952 f f |p ric  |a Texas A&M University  |b Rellis Campus  |c Joint Library Facility  |d Remote Storage  |t 0  |e QP363.5 .G76 1987  |h Library of Congress classification  |i unmediated -- volume  |m A14811028571 
998 f f |a QP363.5 .G76 1987  |t 0  |l Remote Storage